La educación debe ser social / (Registro nro. 31807)
[ vista simple ]
| 000 -CABECERA | |
|---|---|
| campo fijo de control de longitud | 00802nab a2200217 4500 |
| 001 - NÚMERO DE CONTROL | |
| campo de control | 31807 |
| 003 - IDENTIFICADOR DEL NÚMERO DE CONTROL | |
| campo de control | AR-RoBPED |
| 005 - FECHA Y HORADE LA ULTIMA TRANSACCION | |
| campo de control | 20251028183933.0 |
| 008 - ELEMENTOS DE LONGITUD FIJA--INFORMACION GENERAL | |
| campo fijo de control de longitud | 250805s18981968ag |||p| ||||s00| 0 spa d |
| 040 ## - FUENTE CATALOGADORA | |
| Centro catalogador/agencia de origen | AR-RoBPED |
| 041 ## - IDIOMA | |
| Código de idioma para texto/pista de sonido o título independiente | spa |
| 100 1# - ENCABEZAMIENTO PRINCIPAL--AUTOR PERSONAL | |
| Nombre de persona | Beney, Manuel |
| 9 (RLIN) | 29177 |
| 245 13 - TITULO | |
| Título | La educación debe ser social / |
| Mención de responsabilidad | Manuel Beney. |
| 300 ## - DESCRIPCION FISICA | |
| Extensión | pág 346-348 |
| 362 ## - FECHAS DE PUBLICACION Y/O DESIGNACION SECUENCIAL | |
| Fecha de publicación y/o designación secuencial | Año XIII, No. 157 (jun. 1901) |
| 500 ## - NOTA GENERAL | |
| Nota general | Artículo en: Boletín de Educación. Santa Fe : Consejo General de Educación, 1886-198?. Año 13, N° 157 (jun. 1901), páginas 346-348. |
| 650 #4 - TERMINO DE MATERIA--CONTROLADO | |
| Término controlado | EDUCACION SOCIAL |
| 9 (RLIN) | 27338 |
| 773 0# - DOCUMENTO FUENTE | |
| Host Biblionumber | 22998 |
| Host Itemnumber | 30340 |
| Encabezamiento principal | Santa Fe. |
| Place, publisher, and date of publication | Santa Fe : Consejo General de Educación, [1886-198-?]. |
| Título | Boletín de Educación : |
| Record control number | (AR-RoBPED)22998 |
| 942 ## - ELEMENTOS KOHA | |
| Fuente de clasificación | Universal Decimal Classification |
| Número Koha | K. 31807 |
| Koha tipo de ítem | Revistas |
| 945 ## - PROCESAMIENTO DE LA INFORMACIÓN LOCAL | |
| Catalogador y fecha | nn 05/08/2025 |
No hay ítems disponibles.